| 000 | 00393nam a2200121Ia 4500 | ||
|---|---|---|---|
| 008 | 220620s9999||||xx |||||||||||||| ||und|| | ||
| 100 | _aHennings, Ulrich | ||
| 245 | 0 | _aSulfur-tolerant natural gas reforming for fuel-cell applications | |
| 546 | _aEnglish[eng] | ||
| 650 | _anatural gas||reforming||fuel cells||sulfur||hydrogen | ||
| 856 | _uhttps://www.ksp.kit.edu/9783866444591 | ||
| 942 | _cEB | ||
| 999 |
_c33614 _d33614 |
||